Responses for show #2155 - Friday, January 7, 1994

Kurt Bray game 5.

Contestants

Donald Vanderweit, a technical writer from Los Angeles, California

Gillian Bagwell, an actress originally from Berkeley, California

Kurt Bray, a scientist from Oceanside, California (whose 4-day cash winnings total $34,700)

[next game >>]

Jeopardy! Round responses

ANIMALS
CLASSIC CINEMA
ARCHITECTURE
1930
TRANSPORTATION
IT HAD TO BE "U"
    $100 1
polar bear

Kurt
    $100 5
"As Time Goes By"

Donald
    $100 20
arcade

Kurt
    $100 8
Arthur Conan Doyle

Donald
    $100 25
the Andes

Kurt
    $100 14
umbrella

Kurt
    $200 2
(Donald: What is the bengal?)

Siberian

KurtDonald
    $200 6
Mae West

Kurt
    $200 21
Boston

Kurt
    $200 10
Ethiopia

Gillian
    $200 26
rickshaw

Donald
    $200 15
Ulysses

Kurt
    $300 3
Komodo dragon

Kurt
    $300 9
What Ever Happened to Baby Jane?

Kurt
    $300 22
minarets

Kurt
    $300 12
the America's Cup

Kurt
    $300 27
surrey

Gillian
    $300 16
(Gillian: What is the ur?)

unconscious

KurtGillian
    $400 4
in their mouths

Gillian
    $400 11
Jesus

Kurt
    $400 23
Antonio Gaudi

Triple Stumper
    $1,500 13
Chief Justice of the Supreme Court/United States

Kurt
    $400 29
barges

Kurt
    $400 17
the Uffizi

Kurt
    $500 7
(Gillian: What is a lynx?)

skunk

KurtGillian
    $500 28
Hamlet

Gillian
    $500 24
Gothic

Kurt
    $500 19
France

Kurt
    $500 30
(flight) recorder

Gillian
    $500 18
(Gillian: What is a unicorn?)

ungulate

KurtGillian

Scores at the first commercial break (after clue 13):

Kurt Gillian Donald
$3,800 $100 $0

Scores at the end of the Jeopardy! Round:

Kurt Gillian Donald
$7,400 $600 $200

Double Jeopardy! Round responses

BLACK AMERICA
ISLANDS
FOOD
COLLEGES & UNIVERSITIES
SCIENCE
BRITISH AUTHORS
    $200 23
Louis Armstrong

Gillian
    $200 20
the Bahamas

Kurt
    $200 12
dill

Donald
    $200 11
Texas

Gillian
    $200 3
argon

Kurt
    $200 1
(Daniel) DeFoe

Gillian
    $400 24
Martin Luther King, Jr.

Kurt
    $400 21
Greenland

Gillian
    $400 13
yeast

Gillian
    $400 16
(Gillian: What are Wolverines?)

Spartans

KurtGillian
    $400 4
an echo

Donald
    $400 2
Mary Shelley

Kurt
    $600 28
Miss Jane Pittman

Gillian
    $600 25
New Guinea

Kurt
    $600 14
Paul Prudhomme

Gillian
    $600 17
Ohio

Kurt
    $600 7
chromosomes

Kurt
    $600 5
(Gillian: Who is Conrad?)

H.Rider Haggard

Gillian
Triple Stumper
    $800 29
Booker T. Washington

Kurt
    $800 26
the Baltic Sea

Kurt
    $800 15
(Belgian) waffles

Donald
    $3,000 18
(Kurt: What is Brown?)

Dartmouth

Kurt
    $800 8
the bicep

Donald
    $800 6
(Thomas) Hardy

Donald
    $1000 30
Dr. Ralph Bunche

Triple Stumper
    $1000 27
Guam

Donald
    $1000 22
a roux

Gillian
    $1000 19
(Kurt: What's SMU?)

Vanderbilt

Kurt
Triple Stumper
    $4,000 10
the biosphere

Kurt
    $1000 9
Benjamin Disraeli

Kurt

Scores at the end of the Double Jeopardy! Round:

Kurt Gillian Donald
$13,400 $3,200 $4,200
(lock game)

[wagering suggestions for these scores]

Final Jeopardy! Round responses

ETHNIC GROUPS
GillianWHAT IS GREAT BRITAIN
$1,199
DonaldWhat are Germans?
$2,201
KurtWhat is German?
$3,000
German(s)

Final scores:

Kurt Gillian Donald
$16,400 $2,001 $6,401
5-day champion: $51,100 3rd place: Panasonic check printing accountant + Jeopardy! & Wheel of Fortune video games for the Super NES & Sega Genesis 2nd place: a trip to Boston

Game dynamics:

Coryat scores:

Kurt Gillian Donald
$12,300 $3,200 $4,200
33 R
(including 2 DDs),
2 W
(including 1 DD)
13 R,
5 W
9 R,
1 W

Combined Coryat: $19,700

The J! Archive is created by fans, for fans. The Jeopardy! game show and all elements thereof, including but not limited to copyright and trademark thereto, are the property of Jeopardy Productions, Inc. and are protected under law. This website is not affiliated with, sponsored by, or operated by Jeopardy Productions, Inc. Join the discussion at JBoard.tv.